000 00372nam a2200133Ia 4500
008 211118s9999||||xx |||||||||||||| ||und||
082 _a894.8124
_bAPP-V
100 _aAppan, K P
245 0 _aVarakalum Varnangalum
260 _bOlive Publications
_aKozhikode
_c1992
630 _xGeneral Stack
650 _aMalayalam Literature
_vMalayalam EssaysMalayalam
942 _cBOOK
999 _c96255
_d96255